Quantitative methods in biological and medical sciences : a historical essay
Αποθηκεύτηκε σε:
| Κύριος συγγραφέας: | |
|---|---|
| Μορφή: | Βιβλίο |
| Γλώσσα: | English |
| Δημοσίευση: |
New York :
Springer-Verlag,
c1994
|
| Θέματα: | |
| Ετικέτες: |
Προσθήκη ετικέτας
Δεν υπάρχουν, Καταχωρήστε ετικέτα πρώτοι!
|
MARC
| LEADER | 00000nam a2200000 i 4500 | ||
|---|---|---|---|
| 001 | 1/18485 | ||
| 008 | 981019s1994 eng d | ||
| 020 | |a 0-387-94279-3 | ||
| 035 | |l 10020930 | ||
| 040 | |a GR-MY-UA |b gre |e aacr | ||
| 041 | 0 | |a eng | |
| 082 | 0 | |a 574.0151 | |
| 100 | 1 | |a Lancaster, H. O. (Henry Oliver) |d 1913- | |
| 245 | 1 | 0 | |a Quantitative methods in biological and medical sciences : |b a historical essay / |c H. O. Lancaster |
| 260 | |a New York : |b Springer-Verlag, |c c1994 | ||
| 300 | |a 297 p. | ||
| 504 | |a Includes bibliographical references and index | ||
| 650 | 0 | 0 | |a Medicine |x Mathematics |x History. |
| 650 | 0 | 0 | |a Biomathematics |x History. |
| 852 | |a INST |b LESVOS |e 19981019 |h 574.0151 LAN |p 005100018700 |q 005100018700 |t BK |y 0 | ||
| 901 | |a BIBL-1998-3 | ||
| 909 | |a Λ |b 059562 | ||
| 922 | |a 1ΕΛΗ |b 199809 |c ΚΠΣ/ΤΠ |d ΠΑΠΑΣΩΤΗΡΙΟΥ | ||
| 950 | |a 107-1998-07-09 | ||